Study of the effectiveness of educational television on the educational development of primary school children (Record no. 21596)
[ view plain ]
| 000 -LEADER | |
|---|---|
| fixed length control field | 00719nam a2200193Ia 4500 |
| 082 ## - DEWEY DECIMAL CLASSIFICATION NUMBER | |
| Classification number | TS.0013 |
| 100 ## - MAIN ENTRY--AUTHOR NAME | |
| Personal name | Seth, Indu |
| 245 #0 - TITLE STATEMENT | |
| Title | Study of the effectiveness of educational television on the educational development of primary school children |
| 260 ## - PUBLICATION, DISTRIBUTION, ETC. (IMPRINT) | |
| Year of publication | 1983 |
| Name of publisher | M.S. University of Baroda |
| 300 ## - PHYSICAL DESCRIPTION | |
| Number of Pages | 214p. + C D - 51 |
| 650 ## - SUBJECT ADDED ENTRY--TOPICAL TERM | |
| Topical Term | ELEMENTARY SCHOOL STUDENTS//SCHOOL CHILDREN |
| 650 ## - SUBJECT ADDED ENTRY--TOPICAL TERM | |
| Topical Term | TELEVISION IN EDUCATION///TELEVISION IN ELEMENTARY EDUCATION |
| 650 ## - SUBJECT ADDED ENTRY--TOPICAL TERM | |
| Topical Term | TELEVISION IN ELEMENTARY EDUCATION |
| 650 ## - SUBJECT ADDED ENTRY--TOPICAL TERM | |
| Topical Term | SCHOOL CHILDREN |
| 650 ## - SUBJECT ADDED ENTRY--TOPICAL TERM | |
| Topical Term | EDUCATION, ELEMENTARY///TELEVISION IN ELEMENTARY EDUCATION |
| 650 ## - SUBJECT ADDED ENTRY--TOPICAL TERM | |
| Topical Term | PRIMARY SCHOOL STUDENTS//SCHOOL CHILDREN |
| 710 ## - ADDED ENTRY--CORPORATE NAME | |
| Corporate name or jurisdiction name as entry element | Yadav, M.S. |
| 942 ## - ADDED ENTRY ELEMENTS (KOHA) | |
| Koha item type | Thesis |
| Source of classification or shelving scheme | Dewey Decimal Classification |
| Withdrawn status | Lost status | Damaged status | Not for loan | Home library | Current library | Date acquired | Bill Date | Full call number | Accession Number | Price effective from | Koha item type |
|---|---|---|---|---|---|---|---|---|---|---|---|
| NASSDOC Library | NASSDOC Library | 08/10/2004 | 2004-10-22 | TS.0013 | 27276 | 18/04/2019 | Thesis |
